000 00414nam a2200169Ia 4500
008 230524s9999 xx 000 0 und d
020 _a9780070604308
082 _a174.4
_bVER
100 _aJayanth Rama Varma
245 0 _aDerivatives and Risk Management
250 _aIST
260 _aNEW DELHI
_bTMH
_c2010
300 _aXVI;22.20
500 _aQuantity Number: 10
650 _aManagement
942 _cBK
999 _c45495
_d45495